000 00579cam a2200193 4500500
005 20260329003919.0
041 _afre
042 _adc
100 1 0 _aPortevin, Catherine
_eauthor
245 0 0 _aA la recherche du sauvage idéal
260 _c2017.
500 _a90
690 _aFrançois-Xavier Fauvel
690 _aHistoire
690 _aRousseau
690 _aSauvage
786 0 _nPhilosophie magazine | 112 | 9 | 2017-09-01 | p. 37-38 | 1951-1787
856 4 1 _uhttps://shs.cairn.info/magazine-philosophie-magazine-2017-9-page-37?lang=fr&redirect-ssocas=7080
999 _c1828927
_d1828927